South African Corporate Business Administration / (Record no. 449)

MARC details
000 -LEADER
fixed length control field 00576nam a22001817a 4500
005 - DATE AND TIME OF INPUT
control field 20231109054409.0
008 - DATA ELEMENTS--GENERAL INFORMATION
fixed length control field 231109b |||||||| |||| 00| 0 eng d
020 ## - INTERNATIONAL STANDARD BOOK NUMBER
International Standard Book Number 9780702133268
041 ## - LANGUAGE CODE
Language code of text English
082 ## - SHELF NUMBER
DDC number 346.2 SOU
100 ## - MAIN AUTHOR
Main author's name Van der Merwe JG et al.
Language of a work English
245 ## - TITLE STATEMENT
Title South African Corporate Business Administration /
Statement of responsibility, etc. JG Van der Merwe et al.
250 ## - EDITION STATEMENT
Edition statement First Edition
260 ## - PUBLICATION, DISTRIBUTION, ETC.
Place of publication, distribution, etc. Cape Town :
Name of publisher, distributor, etc. Juta and Company (Pty) Ltd,
Date of publication, distribution, etc. 1995
300 ## - PHYSICAL DESCRIPTION
Other physical details vii,
Dimensions 27 cm.
650 ## - SUBJECT`
Broad subject Legal practice
Own subject terms Law
942 ## - ADDED ENTRY ELEMENTS (KOHA)
Item type Books
942 ## - ADDED ENTRY ELEMENTS (KOHA)
-- ALISON_BN_VRIES
Holdings
Source of classification or shelving scheme Not for loan Collection code Home library Current library Shelving location Date acquired Full call number Barcode Price effective from Koha item type
Dewey Decimal Classification   TEXT BOOKS LAW SOCIETY OF NAMIBIA LIBRARY - WINDHOEK LAW SOCIETY OF NAMIBIA LIBRARY - WINDHOEK Damage law 11/09/2023 346.2 SOU LSN/1995/39 11/09/2023 Books